| 000 | 00992cam a22002892a 4500 | ||
|---|---|---|---|
| 001 | 18773 | ||
| 003 | BD-RjUL | ||
| 005 | 20211209000331.0 | ||
| 008 | 140223s1968 nju b 000 0 eng d | ||
| 035 |
_aOCLC ocm00171236 from D950712M _a(BD-RjUL)18831 |
||
| 040 |
_aDLC _cDLC _dPBE _dBD-RjUL _beng |
||
| 041 | _aeng | ||
| 082 |
_a823.8 _bTWE 1968 |
||
| 245 | 1 | 0 |
_aTwentieth century interpretations of Tom Jones : _ba collection of critical essays / _cedited by Martin C. Battestin |
| 260 |
_aEnglewood Cliffs, N.J : _bPrentice-Hall, _cc1968. |
||
| 300 |
_avii, 119 p. ; _c21 cm |
||
| 490 | 1 | _aTwentieth century interpretations | |
| 490 | 1 | _aSpectrum book | |
| 504 | _aIncludes bibliographical references. | ||
| 600 | 1 | 0 |
_aFielding, Henry, _d1707-1754. _957882 |
| 650 |
_aFoundlings in literature _957872 |
||
| 700 |
_aBattestin, Martin C. _957873 |
||
| 830 | 0 |
_aTwentieth century interpretations _957883 |
|
| 830 | 0 |
_aSpectrum book _955767 |
|
| 942 |
_2ddc _cBK |
||
| 999 |
_c18773 _d18773 |
||